00287nam a2200121Ia 4500008004100000041001200041082001100053100001500064245005500079260000600134650000600140700001900146221030s9999 xx 000 0 und d aEnglish a105.23 aM. R. Wear 0aPhysics of the Atomcby M. R. Wear, J. A. Richards c0 aB aJ. A. Richards